The best distance learning graduate schools : earning your degree without leaving home

Αποθηκεύτηκε σε:
Λεπτομέρειες βιβλιογραφικής εγγραφής
Συγγραφή απο Οργανισμό/Αρχή: Princeton Review (Firm)
Άλλοι συγγραφείς: Gretchen, Feder (Επιμελητής έκδοσης)
Μορφή: Βιβλίο
Γλώσσα:English
Δημοσίευση: New York : Princeton Review Publishing, 1998
Θέματα:
Ετικέτες: Προσθήκη ετικέτας
Δεν υπάρχουν, Καταχωρήστε ετικέτα πρώτοι!

MARC

LEADER 00000cam a2200000 i 4500
001 1/7867
008 000624s1998 eng d
020 |a 0-679-76930-7 
035 |l 10062448 
040 |a GR-MY-UA  |b gre  |e aacr 
041 0 |a eng 
082 0 |a 378.03 
245 1 4 |a The best distance learning graduate schools :  |b earning your degree without leaving home /  |c editor Gretchen Feder 
260 |a New York :   |b Princeton Review Publishing,   |c 1998 
300 |a 322 p.;  |c 26 cm. 
650 0 0 |a Distance education  |z United States  |x Directories. 
650 0 0 |a Universities and colleges  |z United States  |x Graduate work  |x Directories. 
700 1 |a Gretchen, Feder.  |4 edt 
710 2 |a Princeton Review (Firm) 
852 |a INST  |b CHIOS  |e 20000624  |h 378.03 BES  |p 005200017822  |q 005200017822  |t BK  |y 0 
901 |a BIBL2-2000-2 
909 |a Χ  |b 077467 
922 |a 2ΕΛΗ  |b 200003  |c ΤΔΕ  |d ΠΑΠΑΣΩΤΗΡΙΟΥ 
970 |z 2000/06/ΜΠΡΑΤΤΗΣ